000 00742nam a2200289Ia 4500
005 20260324142127.0
008 008 260324s9999 xx 000 0 eng d
020 _a9780203727508
037 _aEBOOK
040 _aCRL
040 _beng
040 _cCRL
041 _2eng
041 _aeng
084 _qCRL
100 _aGerald R. Weeks; Martha with Turner; Bonnie Bellamy Howard; Larry Hoff
_91210786
245 0 _aIntegrative Solutions
245 0 _bTreating Common Problems In Couples Therapy
260 _bTaylor and Francis
260 _c1995
365 _a
365 _b89.99
856 _uhttp://www.taylorfrancis.com/books/9780203727508
942 _cEBOOK
999 _c1814626
_d1814626